000 00758nam a22002417a 4500
999 _c34406
_d34406
001 3774
003 CO-MdFUSB
005 20180622073140.0
008 180320t2002 sp ||||| |||| 00| 0 spa d
020 _a84-8267-229-0
040 _aCO-MdFUSB
_bspa
_cCO-MdFUSB
_dCO-MdFUSBC
_erda
041 0 _aspa
082 0 4 _aG 227.5 G6439c
100 1 _aGonzález Campa, José Manuel
_eautor
245 0 _aComentario Exegético y hermenéutico al libro de Efesios
_c/ José Manuel Gonzáles Campa
264 4 _aTerrassa , Barcelona, España :
_bCLIE,
_c©2002
300 _a255 Pag
336 _2rdacontent
_atexto
_btxt
337 _2rdamedia
_asin mediación
_bn
338 _2rdacarrier
_avolumen
_bnc
653 _aBiblia N.T. - Efesios - Comentarios
942 _cBK